Catálogo de las colecciones expuestas en las vitrinas del Palacio de Liria / (Record no. 43463)
[ view plain ]
| 000 -LEADER | |
|---|---|
| campo de control de longitud fija | 01164nam a2200265 i 4500 |
| 001 - NÚMERO DE CONTROL | |
| campo de control | 43463 |
| 003 - IDENTIFICADOR DE NÚMERO DE CONTROL | |
| campo de control | ES-MaACL |
| 005 - FECHA Y HORA DE LA ÚLTIMA TRANSACCIÓN | |
| campo de control | 20250728142750.0 |
| 007 - CAMPO FIJO DE DESCRIPCIÓN FÍSICA--INFORMACIÓN GENERAL | |
| campo de control de longitud fija | t| |
| 008 - DATOS DE LONGITUD FIJA--INFORMACIÓN GENERAL | |
| campo de control de longitud fija | 030317s1898 sp ||||1| spa d |
| 080 ## - NÚMERO DE LA CLASIFICACIÓN DECIMAL UNIVERSAL | |
| Número de la Clasificación Decimal Universal | 930.25 Alba, Casa de (083.83) |
| 100 1# - ENTRADA PRINCIPAL--NOMBRE DE PERSONA | |
| Nombre de persona | Falcó y Osorio, Rosario, |
| Títulos y otros términos asociados al nombre | Duquesa de Berwick y de Alba, |
| Fechas asociadas al nombre | 1854-1904 |
| 9 (RLIN) | 160713 |
| 245 10 - MENCIÓN DEL TÍTULO | |
| Título | Catálogo de las colecciones expuestas en las vitrinas del Palacio de Liria / |
| Mención de responsabilidad, etc. | le publica la Duquesa de Berwick y de Alba, Condesa de Siruela ; [redacción de los asientos bibliográficos, Ángel Barcia]. |
| 260 ## - PUBLICACIÓN, DISTRIBUCIÓN, ETC. | |
| Lugar de publicación, distribución, etc. | Madrid : |
| Nombre del editor, distribuidor, etc. | [s.n.], |
| Fecha de publicación, distribución, etc. | 1898 ( |
| Fabricante | Est. Tip. "Sucesores de Rivadeneyra") |
| 300 ## - DESCRIPCIÓN FÍSICA | |
| Extensión | 259 p., [24] h. de lám. ; |
| Dimensiones | 30 cm. |
| 504 ## - NOTA DE BIBLIOGRAFÍA, ETC. | |
| Nota de bibliografía, etc. | Bibliografía: p. 249-250. |
| 530 ## - NOTA DISPONIBLE DE FORMULARIO FÍSICO ADICIONAL | |
| Nota de formato físico adicional disponible | Disponible en formato digital. |
| 650 #4 - PUNTO DE ACCESO ADICIONAL DE MATERIA--TÉRMINO DE MATERIA | |
| Término de materia o nombre geográfico como elemento de entrada | Manuscritos- |
| Subdivisión geográfica | Palacio de Liria (Madrid)- |
| Subdivisión de forma | Catálogos. |
| 9 (RLIN) | 172609 |
| 700 1# - ENTRADA AGREGADA--NOMBRE PERSONAL | |
| Nombre de persona | Barcia y Pavón, Ángel María. |
| 9 (RLIN) | 148714 |
| 710 2# - ENTRADA AGREGADA--NOMBRE DE ENTIDAD CORPORATIVA | |
| Nombre de entidad corporativa o nombre de jurisdicción como elemento de entrada | Hauser y Menet (Madrid) |
| 9 (RLIN) | 4558 |
| 852 ## - LOCALIZACIÓN | |
| Ubicación | ES-MaACL |
| Número de control de estantería | Z-76 |
| Signatura antigua | Olim: C-2324 |
| 856 ## - LOCALIZACIÓN Y ACCESO ELECTRÓNICOS | |
| Identificador Uniforme de Recursos | <a href="http://bdh-rd.bne.es/viewer.vm?id=0000143431&page=1 ">http://bdh-rd.bne.es/viewer.vm?id=0000143431&page=1 </a> |
| Nota pública | Biblioteca Digital Hispánica |
| 942 ## - ELEMENTOS DE ENTRADA SECUNDARIOS (KOHA) | |
| Fuente del sistema de clasificación o colocación | Clasificación decimal universal |
| Estatus retirado | Estado de pérdida | Fuente del sistema de clasificación o colocación | Estado de daño | No para préstamo | Colección | Biblioteca de origen | Biblioteca actual | Ubicación en estantería | Fecha de adquisición | Total de préstamos | Signatura topográfica completa | Código de barras | Visto por última vez | Precio de reemplazo | Tipo de ítem Koha |
|---|---|---|---|---|---|---|---|---|---|---|---|---|---|---|---|
| Clasificación decimal universal | Colección digital | Biblioteca del Ateneo de Madrid | Biblioteca del Ateneo de Madrid | Depósito | 17/01/2008 | Z-76 | 1045754 | 23/02/2023 | 23/02/2023 | Libro impreso antiguo |
